01072 2200325 4500001002100000005001500021008004100036020001800077035001900095041000800114082001100122084001700133100002100150245008600171250001800257260005800275300003800333500005000371500002000421504001800441650003900459650005500498650003700553990002600590990002600616990002600642990002600668990002600694990002600720INLIS00000000000916520200508204659200508||||||||| | ||| |||| ||eng|| a0-393-92566-8 0010-0520009165 aeng0 a342.73 a342.73/O'B/C0 aDavid M. O'Brien00aConstitutional Law and Politics: Struggles for Power and Goverment Accountability aSixth Edition aUnited States of AmericabW.W. Norton & Companyc2005 aXXIV, 1081 hlm.; 23,5 cmc23,5 cm aIncludes bibliographical references and index aIndeks : Indeks aBibliographic 0aConstitutional Law (Unated States) 0aStruggles for power and govermental accountability 0aCivil rights and civil liberties a20876/MKRI-P/III-2011 a22659/MKRI-P/VII-2012 a20878/MKRI-P/III-2011 a22659/MKRI-P/VII-2012 a20876/MKRI-P/III-2011 a20878/MKRI-P/III-2011